| 000 | 00741nam a2200193 a 4500 | ||
|---|---|---|---|
| 001 | 000029662 | ||
| 005 | 20200930055719.0 | ||
| 008 | 110415s1999 dr 000 0 spa d | ||
| 040 |
_aDO-SdBNP _bspa _cBNPHU |
||
| 082 |
_axxx _bC3978a |
||
| 110 | 2 |
_aCentro Nacional de Investigaciones en Salud Materno Infantil _955757 |
|
| 245 | 1 | 0 |
_aOtros defectos metabólicos de los ácidos orgánicos / _ceditor Hugo R. Mendoza. |
| 260 |
_aSanto Domingo : _bCENISMI, _c1999. |
||
| 300 |
_aviii, 32 p. ; _c28 cm. |
||
| 490 | 1 |
_aInvestigaciones clínicas _aestudios aplicados a la clínica _v6 |
|
| 504 | _aBibliografía : p.29 -30 | ||
| 700 | 1 |
_aMendoza, Hugo R. _eed _96390 |
|
| 830 | 0 |
_aInvestigaciones clínicas _pestudios aplicados a la clínica _v2 _956464 |
|
| 999 |
_c29154 _d29154 |
||